000 00269nam a22001217a 4500
008 180813b xxu||||| |||| 00| 0 eng d
041 _aeng
080 _a159.9
100 _a48
101 _aPSI
245 _aThe MMPI: A Practical Guide
_cGraham,J.R
942 _2udc
_cBK
999 _c47038
_d47038